El regreso de Martin Guerre

Guardat en:
Dades bibliogràfiques
Autor principal: Davis, Natalie Zemon (autora)
Altres autors: Rotés, Helena (traductora)
Format: Llibre
Idioma:espanyol
Publicat: Madrid, España Ediciones Akal S.A. 2024.
Col·lecció:Akal Anverso.
Matèries:
Etiquetes: Afegir etiqueta
Sense etiquetes, Sigues el primer a etiquetar aquest registre!

MARC

LEADER 00000nam a22000007a 4500
003 CL-VaPUC
005 20240503131527.0
008 240417t2021 ||||| |||| 00| 0 eng d
999 |c 443523  |d 443521 
020 |a 978-84-460-5482-5 
040 |c Pontificia Universidad Católica de Valparaíso 
041 0 |a spa 
082 0 4 |2 21  |a 944.028 DAV 2024 
100 1 |a Davis, Natalie Zemon  |e autora  |9 861275 
245 1 3 |a El regreso de Martin Guerre 
260 3 |a Madrid, España  |b Ediciones Akal S.A.  |c 2024. 
300 |a 203 páginas. 
490 |a Akal Anverso.  
583 |k GC  |c 20240417 
600 |a Guerre, Martin  |d 1524-1560  |9 861277 
650 0 0 |9 861274  |a Impostura  |x Impostor 
650 0 0 |9 445863  |a Historia de ciudades   |z Languedoc  |z Francia 
650 0 0 |9 336927  |a Historia de Francia  |y Siglo 16 
700 1 |a Rotés, Helena  |e traductora  |9 861276 
942 |2 ddc  |c BK 
952 |0 0  |1 0  |2 ddc  |4 0  |6 944_028000000000000_DAV_2024  |7 0  |8 A  |9 594113  |a BIBHIS  |b BIBHIS  |d 2024-04-17  |e 52  |g 20600.00  |i 5660755  |o 944.028 DAV 2024  |p 5660755  |r 2025-01-20  |t 1  |v 20600.00  |w 2024-04-17  |y BK  |k HIS